Φορτώνει......

Contracting farming as means of value-added agriculture

Λεπτομέρειες βιβλιογραφικής εγγραφής
Κύριος συγγραφέας: Deshpande,C.S
Μορφή: Printed Book
Γλώσσα:Undetermined
Έκδοση: Mumbai DEAR 2005
Θέματα:
LEADER 00522nam a2200157Ia 4500
008 140316s9999 xx 000 0 und d
020
082 |a 631.58  |b DES/CO 
100 |a Deshpande,C.S 
245 |a Contracting farming as means of value-added agriculture 
260 |a Mumbai  |b DEAR  |c 2005 
300 |a 147 
650 |a contract farming 
942 |2 ddc  |c BK 
999 |c 15049  |d 15049 
952 |0 0  |1 0  |2 ddc  |4 0  |6 631_580000000000000_DESCO  |7 0  |9 16354  |a KAUCLV  |b KAUCLV  |c GENERAL  |d 2014-03-18  |o 631.58 DES/CO  |p 804899  |r 2014-03-18  |w 2014-03-18  |y BK